1835-1836-1837
| Hlavný autor: | |
|---|---|
| Médium: | Kniha |
| Jazyk: | neznámy jazyk |
| Vydavateľské údaje: |
Zagreb
Liber
1970
|
MARC
| LEADER | 00000nam a2200000 a 4500 | ||
|---|---|---|---|
| 001 | vtls001282445 | ||
| 003 | SK-MaSNL | ||
| 005 | 20260301064750.0 | ||
| 008 | 240314s1970 xx 0 und | ||
| 035 | |a SNK000233888 | ||
| 040 | |a SNK |b slo |c SNK |e AACR2 | ||
| 100 | 1 | |a Ilirska, Danica |4 aut |9 382533 | |
| 245 | 1 | 0 | |a 1835-1836-1837 |
| 260 | |a Zagreb |b Liber |c 1970 | ||
| 958 | |a OND | ||
| 999 | |c 628147 |d 630077 | ||
| 952 | |t P60, <04>, [BOOK], {604} |a SNK |b SNK |y VYP |7 0 |p 17A0059360 |o snkIB 24830 |0 0 |1 0 |4 0 |d 1997-04-08 |l 0 |r 2005-01-02 00:00:00 |w 2026-02-23 | ||


